000
00305nam a2200121Ia 4500
008
231120s2015 xx 000 0 und d
041
_a
eng
082
_a
751.42
100
_a
GEOFF KERSEY
245
_a
WATERCOLOUR LANDSCAPES STEP BY STEP
260
_a
SEARCH PRESS
_b
SEARCH PRESS
_c
2015
300
_a
P-160
999
_c
933360
_d
933360